Quiz o astronomii - Statystyki

Ogólne statystyki
  • Ten quiz został rozwiązany 2 566 razy
    2 560 od ostatniego zresetowania
  • Średni wynik to 11 z 20
Statystyki odpowiedzi
Podpowiedź Odpowiedź % Poprawnych
Nazwa naszej galaktyki Droga Mleczna
96%
Został zdegradowana do rangi planety karłowatej w 2006 roku Pluton
91%
Miejsce o tak dużej grawitacji,że nawet światło nie może uciec Czarna Dziura
81%
Kosmiczne wydarzenie, które miało miejsce 13,8 miliarda lat temu Wielki Wybuch
80%
Jego prędkość tyle wynosi299 792 458 metrów na sekundę Prędkość światła
71%
Nazwa dla „spadającej gwiazdy”, która dostała się do atmosfery Meteor
67%
Eksplozja dużej gwiazdy Supernowa
62%
Najbliższa nam większa galaktyka Andromeda
60%
Najbliższy układ gwiezdny od Słońca Alfa {Centauri}
55%
Można go znaleźć między orbitami Marsa i Jowisza Pas {asteroid}
48%
Kształt naszej galaktyki Spirala
48%
Teleskop kosmiczny wystrzelony w 1990 roku Teleskop Hubble'a
48%
Kometa przelatująca w pobliżu ziemico 76 lat Kometa Halleya
47%
Pierwiastek powodujący, że Mars wydaje się czerwony Żelazo
44%
Najjaśniejsza gwiazda na nocnym niebie Syriusz
38%
Potężna burza na Jowiszu {Wielka} {Czerwona} Plama
38%
Międzygwiezdny obłok pyłu, z którego może rodzą gwiazdy Mgławica
28%
Najgęstszy typ gwiazdy Gwiazda neutronowa
21%
Osoba, która jako pierwsza opisała elipsę orbity planet Johannes Kepler
16%
Część Księżyca, na której wylądował Apollo 11 Morze {Spokoju}
10%
Nie znaleziono quizów pasujących do podanych kryteriów
Rozkład punktacji
Procent ludzi z każdym wynikiem
Percentyl według liczby udzielonych odpowiedzi
Twoja historia wyników
Nie rozwiązałeś tego quizu od ostatniego zresetowania